Tasmania Trivia - Statistics

General Stats
  • This quiz has been taken 1,175 times
    553 since last reset
  • The average score is 10 of 20
Answer Stats
Hint Answer % Correct
State capital Hobart
96%
Carnivorous marsupial Tasmanian {Devil}
90%
Dutch explorer after whom Tasmania is named {Abel} Tasman
74%
The capital was historically a hub for hunting this type maritime animal Whales
73%
Striped carnivore that went extinct in 1936 Tasmanian {Tiger}
69%
Tasmania's upcoming team that is going to starting playing this sport, bearing the name of the above, is debuting in 2025 Australian football club
59%
If Tasmania was a separate country, this would place it as the 21st _____ country in the world, on a GDP per capita basis Richest
58%
Second most populous city Launceston
56%
Mary Donaldson from Tasmania is now the Queen consort of this European country Denmark
53%
Former name of Tasmania Van {Diemen}'s Land
53%
Strait that separates Tasmania and mainland Australia {Bass} Strait
52%
The above is located at the foothills of this mountain – named for Arthur Wellesley Mount {Wellington}
48%
Colloquial name of Tasmania Tassie
42%
Town in which a lone gunman named Martin Bryant, shot and killed 35 people Port Arthur
40%
The "United Tasmania Group" was world's first political party with this ideology {Green} Politics
38%
Name one of the four largest islands of Tasmania after Tasmania itself. Flinders | King | Cape Barren | Bruny
34%
Man-made reservoir that is the largest lake in Tasmania – name of a Ramsay or Brown Lake {Gordon}
31%
Nicknames of Tasmania The {Apple} Isle
31%
Period of unrest that nearly annihilated Tasmania's indigenous population between mid-1820s–1832 {Black} War
15%
Nicknames of Tasmania The {Holiday} Isle
10%
No matching quizzes found
Score Distribution
Percent of People with Each Score
Percentile by Number Answered
Your Score History
You have not taken this quiz since the last reset